Rainforest (Record no. 18110)

MARC details
000 -LEADER
fixed length control field 00512nam a22001817a 4500
008 - FIXED-LENGTH DATA ELEMENTS--GENERAL INFORMATION
fixed length control field 191204b xxu||||| |||| 00| 0 eng d
020 ## - INTERNATIONAL STANDARD BOOK NUMBER
International Standard Book Number 1405315302
040 ## - CATALOGING SOURCE
Original cataloging agency KABU
Transcribing agency KABU
050 ## - LIBRARY OF CONGRESS CALL NUMBER
Classification number QH197
Item number .M37 c. 1
100 ## - MAIN ENTRY--PERSONAL NAME
Personal name Marent, Thomas
245 ## - TITLE STATEMENT
Title Rainforest
Remainder of title a photographic journey
Statement of responsibility, etc. Thomas Marent
260 ## - PUBLICATION, DISTRIBUTION, ETC. (IMPRINT)
Place of publication, distribution, etc. Switzerland
Name of publisher, distributor, etc. The Rainforest Foundation
300 ## - PHYSICAL DESCRIPTION
Extent 360 p.
650 ## - SUBJECT ADDED ENTRY--TOPICAL TERM
Topical term or geographic name as entry element Rainforest ecology
650 ## - SUBJECT ADDED ENTRY--TOPICAL TERM
Topical term or geographic name as entry element Rainforest
650 ## - SUBJECT ADDED ENTRY--TOPICAL TERM
Topical term or geographic name as entry element Rainforest conservation
942 ## - ADDED ENTRY ELEMENTS (KOHA)
Source of classification or shelving scheme Library of Congress Classification
Koha item type General Collection
Classification part QH197
Holdings
Withdrawn status Lost status Source of classification or shelving scheme Not for loan Home library Current library Date acquired Cost, normal purchase price Total Checkouts Total Renewals Full call number Barcode Date last seen Date last checked out Copy number Price effective from Koha item type
    Library of Congress Classification   Kabarak, Main Campus Kabarak, Main Campus 04/12/2019 3500.00 4 1 QH197 .M37 c. 1 022253 12/06/2023 25/05/2023 c. 1 04/12/2019 General Collection
Designed with assistance from East African Informatics Ltd